| 000 | 00403nam a2200157Ia 4500 | ||
|---|---|---|---|
| 003 | OSt | ||
| 005 | 20230530115048.0 | ||
| 008 | 211028s2014 xx 000 0 und d | ||
| 040 | _cAIMIT LIBRARY | ||
| 041 | _aeng | ||
| 100 |
_aAsha, B E; Hemalatha, N. _98492 _e121904 |
||
| 110 |
_aHemalatha N _98493 |
||
| 245 | _aBranch auditors appointment system. | ||
| 260 |
_aMangalore _c2014 |
||
| 942 |
_2ddc _cPRO |
||
| 999 |
_c219915 _d219915 |
||